Eastern Utah Libraries Catalog: Duchesne, Heber, Roosevelt, & Vernal

Morris goes to school / (Record no. 305166)

MARC details
000 -LEADER
fixed length control field 01909cam a2200553Ia 4500
001 - CONTROL NUMBER
control field ocm10128895
003 - CONTROL NUMBER IDENTIFIER
control field OCoLC
005 - DATE AND TIME OF LATEST TRANSACTION
control field 20200507131744.0
008 - FIXED-LENGTH DATA ELEMENTS--GENERAL INFORMATION
fixed length control field 831115t19831970nyua j 000 1 eng d
010 ## - LIBRARY OF CONGRESS CONTROL NUMBER
Canceled/invalid LC control number 75077944
020 ## - INTERNATIONAL STANDARD BOOK NUMBER
International Standard Book Number 0064440451
020 ## - INTERNATIONAL STANDARD BOOK NUMBER
International Standard Book Number 9780064440455
020 ## - INTERNATIONAL STANDARD BOOK NUMBER
Cancelled/invalid ISBN 0606096310
Qualifying information (Turtleback ed.)
020 ## - INTERNATIONAL STANDARD BOOK NUMBER
International Standard Book Number 080853291X
Qualifying information (Sagebrush-Bound)
020 ## - INTERNATIONAL STANDARD BOOK NUMBER
International Standard Book Number 9780808532910
020 ## - INTERNATIONAL STANDARD BOOK NUMBER
International Standard Book Number 0060265485
020 ## - INTERNATIONAL STANDARD BOOK NUMBER
Terms of availability 15.00
029 1# - (OCLC)
OCLC library identifier NZ1
System control number 16194846
035 ## - SYSTEM CONTROL NUMBER
System control number (OCoLC)10128895
Canceled/invalid control number (OCoLC)801777840
040 ## - CATALOGING SOURCE
Original cataloging agency OHI
Language of cataloging eng
Transcribing agency OHI
Modifying agency DVA
-- OCL
-- BAKER
-- BTCTA
-- AKU
-- OCH
-- OCLCQ
-- TXCUE
-- YDXCP
-- IG#
-- OCLCO
-- OCLCA
-- ZHB
-- OCLCF
-- OCLCQ
-- OCLCO
-- OCLCQ
-- CD5
-- OCLCQ
-- WACOL
Description conventions rda
049 ## - LOCAL HOLDINGS (OCLC)
Holding library WACL
050 00 - LIBRARY OF CONGRESS CALL NUMBER
Classification number PZ7.W7802
050 14 - LIBRARY OF CONGRESS CALL NUMBER
Classification number JC337
Item number .A55 2004eb ONLINE
082 04 - DEWEY DECIMAL CLASSIFICATION NUMBER
Classification number [E]
Edition number 20
092 ## - LOCALLY ASSIGNED DEWEY CALL NUMBER (OCLC)
Classification number E
Item number Wis
100 1# - MAIN ENTRY--PERSONAL NAME
Personal name Wiseman, Bernard.
9 (RLIN) 6623
245 10 - TITLE STATEMENT
Title Morris goes to school /
Statement of responsibility, etc B. Wiseman.
250 ## - EDITION STATEMENT
Edition statement 1st Harper Trophy ed.
260 ## - PUBLICATION, DISTRIBUTION, ETC. (IMPRINT)
Place of publication, distribution, etc New York :
Name of publisher, distributor, etc Harper & Row,
Date of publication, distribution, etc 1983, ©1970.
264 ## - Production, Publication, Distribution, Manufacture, and Copyright Notice.
Place of production, publication, distribution, manufacture New York :
Name of producer, publisher, distributor, manufacturer Harper & Row,
Date of production, publication, distribution, manufacture, or copyr 1983, ©1970.
300 ## - PHYSICAL DESCRIPTION
Extent 64 pages :
Other physical details illustrations ;
Dimensions 22 cm.
336 ## - Content Type
Content type term text
337 ## - Media type
Media type term unmediated
338 ## - Carrier type
Carrier type term volume
490 1# - SERIES STATEMENT
Series statement An I can read book
500 ## - GENERAL NOTE
General note A Harper Trophy book.
520 ## - SUMMARY, ETC.
Summary, etc Morris the moose has an exciting day in school learning the alphabet, counting, singing, spelling, and doing other things that make him a unique moose.
521 ## - TARGET AUDIENCE NOTE
Target audience note Childrens
Source , amazon
650 #0 - SUBJECT ADDED ENTRY--TOPICAL TERM
Topical term or geographic name as entry element Moose
Form subdivision Juvenile fiction.
9 (RLIN) 5719474
650 #0 - SUBJECT ADDED ENTRY--TOPICAL TERM
Topical term or geographic name as entry element Schools
Form subdivision Juvenile fiction.
9 (RLIN) 6357473
650 #1 - SUBJECT ADDED ENTRY--TOPICAL TERM
Topical term or geographic name as entry element Moose
Form subdivision Fiction.
9 (RLIN) 5689493
650 #7 - SUBJECT ADDED ENTRY--TOPICAL TERM
Topical term or geographic name as entry element Moose.
Source of heading or term fast
9 (RLIN) 5958192
650 #7 - SUBJECT ADDED ENTRY--TOPICAL TERM
Topical term or geographic name as entry element Schools.
Source of heading or term fast
9 (RLIN) 5958193
655 #7 - INDEX TERM--GENRE/FORM
Genre/form data or focus term Fiction.
Source of term fast
9 (RLIN) 5673940
655 #7 - INDEX TERM--GENRE/FORM
Genre/form data or focus term Juvenile works.
Source of term fast
9 (RLIN) 5673941
830 #0 - SERIES ADDED ENTRY--UNIFORM TITLE
Uniform title I can read book.
9 (RLIN) 1194
942 ## - ADDED ENTRY ELEMENTS (KOHA)
Koha item type BOOK
Source of classification or shelving scheme Dewey Decimal Classification
948 ## - LOCAL PROCESSING INFORMATION (OCLC); SERIES PART DESIGNATOR (RLIN)
Series part designator, SPT (RLIN) 11/30/2017
z (OCLC) Sirsi
Holdings
Withdrawn status Lost status Source of classification or shelving scheme Damaged status Not for loan Collection code Home library Current library Shelving location Date acquired Source of acquisition Cost, normal purchase price Total Checkouts Total Renewals Full call number Barcode Date last seen Date checked out Cost, replacement price Price effective from Koha item type
    Dewey Decimal Classification     Children Leveled Wasatch County Library Wasatch County Library Main Floor Childrens Area 12/13/2017 Amazon 15.00 25 11 E Wis 34301001514761 10/16/2025 09/09/2025 15.00 03/20/2020 BOOK
This project was made possible through a grant from the Institute of Museum and Library Service administered by the Utah State Library Division.

Wasatch County Library

  • 465 East 1200 South, Heber City, Utah 84032
  • Phone 435-654-1511 | Fax 435-654-6456

Hours

  • Monday - Friday 9:30 AM - 8:00 PM
  • Saturday 9:30 AM - 1:30 PM
  • Closed Sundays and Holidays